Administración de proyectos : (Registro nro. 5012)
[ vista simple ]
| 000 -LEADER | |
|---|---|
| fixed length control field | 01622nam a22002657a 4500 |
| 003 - CONTROL NUMBER IDENTIFIER | |
| control field | PE SENCICO BE |
| 005 - DATE AND TIME OF LATEST TRANSACTION | |
| control field | 20251020182709.0 |
| 008 - FIXED-LENGTH DATA ELEMENTS--GENERAL INFORMATION | |
| fixed length control field | 241203b |||||||| |||| 00| 0 eng d |
| 040 ## - CATALOGING SOURCE | |
| Original cataloging agency | PE SENCICO BE |
| Transcribing agency | PE SENCICO BE |
| 041 ## - LANGUAGE CODE | |
| Language code of text/sound track or separate title | spa |
| 082 ## - DEWEY DECIMAL CLASSIFICATION NUMBER | |
| Classification number | 658.404 |
| Item number | G71 |
| -- | 2013 |
| 100 1# - MAIN ENTRY--PERSONAL NAME | |
| 9 (RLIN) | 2733 |
| Personal name | González de la Cueva, María Eugenia |
| Relator term | autor |
| 245 1# - TITLE STATEMENT | |
| Title | Administración de proyectos : |
| Remainder of title | optimización de recursos / |
| Statement of responsibility, etc. | María Eugenia González de la Cueva, Jorge Martinez del Campo Rangel |
| 250 ## - EDITION STATEMENT | |
| Edition statement | 2a ed. |
| 260 ## - PUBLICATION, DISTRIBUTION, ETC. | |
| Place of publication, distribution, etc. | Lima : |
| Name of publisher, distributor, etc. | Trillas ; |
| Date of publication, distribution, etc. | 2013 |
| 300 ## - PHYSICAL DESCRIPTION | |
| Extent | 224 p. : |
| Other physical details | diagrs. ; |
| Dimensions | 23 cm. |
| 505 0# - FORMATTED CONTENTS NOTE | |
| Formatted contents note | ¿Que es la administración de proyectos? -- Administración de portafolio de proyectos -- Planeación de un proyecto -- Ejecución del proyecto -- Sistema de control y seguimiento -- Registro de avance de la ejecución del proyecto -- Sistema de información, el corazón del corazón y seguimiento -- El equipo del proyecto y la comunicación -- Cuando las cosas no van bien -- Cierre exitoso de proyectos. |
| 520 3# - SUMMARY, ETC. | |
| Summary, etc. | Se aborda la metodología de administración de proyectos, que consiste en la aplicación de conocimientos, habilidades, herramientas y técnicas a las actividades de un proyecto, para satisfacer las necesidades de una empresa, cliente o negocio. Los temas se desarrollan con base en la experiencia profesional de los autores. |
| 650 10 - SUBJECT ADDED ENTRY--TOPICAL TERM | |
| 9 (RLIN) | 149 |
| Topical term or geographic name entry element | Administración de proyectos |
| 650 20 - SUBJECT ADDED ENTRY--TOPICAL TERM | |
| 9 (RLIN) | 419 |
| Topical term or geographic name entry element | Planificación empresarial |
| 650 20 - SUBJECT ADDED ENTRY--TOPICAL TERM | |
| 9 (RLIN) | 2269 |
| Topical term or geographic name entry element | Financiamiento de proyectos |
| 700 1# - ADDED ENTRY--PERSONAL NAME | |
| 9 (RLIN) | 2734 |
| Personal name | Martinez del Campo Rangel, Jorge |
| Relator term | autor |
| 910 ## - USER-OPTION DATA (OCLC) | |
| User-option data | hfp |
| -- | hfp |
| -- | hfp |
| 942 ## - ADDED ENTRY ELEMENTS (KOHA) | |
| Source of classification or shelving scheme | Dewey Decimal Classification |
| Koha item type | Libros |
| Fecha de la última vez que lo usaron | Pago total | Signatura topográfica completa | Código de barras | Precio efectivo desde | Tipo de documento | Estado perdido | Sistema de clasificación | Estado dañado | No es para préstamo | Retirado | Ubicación permanente | Ubicación actual | Fecha de adquisición | Fuente de adquisición |
|---|---|---|---|---|---|---|---|---|---|---|---|---|---|---|
| 03/12/2024 | 658.404/G71/2013 | BibLima24120007 | 03/12/2024 | Libros | Dewey Decimal Classification | Biblioteca Central Lima | Biblioteca Central Lima | 18/11/2024 | Comprado de la librería Cydma Tech |